[Event "GER-chT U20"]
[Site "Osnabrueck"]
[Date "2018.12.30"]
[Round "7.6"]
[White "Dalchow, Mario"]
[Black "Laufer, Maximilian"]
[Result "1/2-1/2"]
[WhiteElo "1621"]
[BlackElo "1479"]
[PlyCount "52"]
[EventDate "2018.12.27"]
[EventType "team-swiss"]
[EventRounds "7"]
[EventCountry "GER"]
[SourceTitle "EXT 2020"]
[Source "ChessBase"]
[SourceDate "2019.10.17"]
[SourceVersion "1"]
[SourceVersionDate "2019.10.17"]
[SourceQuality "1"]
[WhiteTeam "Lambsheim"]
[BlackTeam "Halver Schalksmuehle"]
[WhiteTeamCountry "GER"]
[BlackTeamCountry "GER"]

1. e4 c5 2. Nf3 d6 3. d4 cxd4 4. Nxd4 Nf6 5. Nc3 a6 6. Be3 e5 7. Nde2 Be6 8. f3 Be7 9. Qd2 Nbd7 10. 0-0-0 b5 11. g4 Nb6 12. Ng3 b4 13. Nb1 a5 14. Bb5+ Nfd7 15. b3 Rc8 16. Qf2 0-0 17. Nf5 Bxf5 18. gxf5 Nc5 19. Rhg1 Qc7 20. Bh6 Bf6 21. Qg2 g6 22. Bxf8 Kxf8 23. fxg6 hxg6 24. Nd2 Bg5 25. Kb1 Nca4 26. Bxa4 Qxc2+ 1/2-1/2

[Event "GER-chT U20"]
[Site "Osnabrueck"]
[Date "2018.12.28"]
[Round "4.6"]
[White "Dalchow, Mario"]
[Black "Lorenz, Keana"]
[Result "1-0"]
[WhiteElo "1621"]
[BlackElo "1459"]
[PlyCount "91"]
[EventDate "2018.12.27"]
[EventType "team-swiss"]
[EventRounds "7"]
[EventCountry "GER"]
[SourceTitle "CBM 188 Extra"]
[Source "ChessBase"]
[SourceDate "2019.02.26"]
[SourceVersion "1"]
[SourceVersionDate "2019.02.26"]
[SourceQuality "1"]
[WhiteTeam "Lambsheim"]
[BlackTeam "Saalfeld"]
[WhiteTeamCountry "GER"]
[BlackTeamCountry "GER"]

1. e4 c5 2. Nf3 Nc6 3. d4 cxd4 4. Nxd4 g6 5. c4 Bg7 6. Be3 Nf6 7. Nc3 0-0 8. Be2 e6 9. 0-0 d5 10. f3 dxe4 11. Nxc6 bxc6 12. fxe4 Qc7 13. Qc2 Bb7 14. Bf3 c5 15. Rad1 a6 16. Rd2 Nd7 17. Rfd1 Ne5 18. Na4 Nxf3+ 19. gxf3 f5 20. Nxc5 Bc8 21. Kg2 Be5 22. Kg1 Qe7 23. f4 Bxf4 24. Bxf4 Qxc5+ 25. Rd4 e5 26. b4 Qe7 27. exf5 Bxf5 28. Qe2 Rfe8 29. Re1 exd4 30. Qxe7 Rxe7 31. Rxe7 d3 32. Bd2 Rc8 33. c5 Rc6 34. Kf2 h5 35. a4 Kf8 36. Re5 Kf7 37. Ke3 Kf6 38. Kd4 g5 39. b5 axb5 40. axb5 Rc8 41. b6 Rd8+ 42. Rd5 Rb8 43. Rd6+ Ke7 44. Bxg5+ Ke8 45. Rd5 Bg6 46. h4 1-0

[Event "GER-chT U20"]
[Site "Osnabrueck"]
[Date "2018.12.27"]
[Round "2.6"]
[White "Dalchow, Mario"]
[Black "Waibel, Christian"]
[Result "1/2-1/2"]
[WhiteElo "1621"]
[BlackElo "1654"]
[PlyCount "43"]
[EventDate "2018.12.27"]
[EventType "team-swiss"]
[EventRounds "7"]
[EventCountry "GER"]
[SourceTitle "CBM 188 Extra"]
[Source "ChessBase"]
[SourceDate "2019.02.26"]
[SourceVersion "1"]
[SourceVersionDate "2019.02.26"]
[SourceQuality "1"]
[WhiteTeam "Lambsheim"]
[BlackTeam "Schwaebisch Gmuend"]
[WhiteTeamCountry "GER"]
[BlackTeamCountry "GER"]

1. e4 e5 2. Nf3 Nc6 3. Bc4 Bc5 4. c3 Nf6 5. d4 exd4 6. cxd4 Bb4+ 7. Bd2 Bxd2+ 8. Nbxd2 d6 9. 0-0 0-0 10. h3 Nxe4 11. Nxe4 d5 12. Bxd5 Qxd5 13. Nc3 Qd6 14. Qd2 Bf5 15. Rfe1 Rad8 16. Rad1 Ne7 17. Nb5 Qd7 18. Qa5 c6 19. Nc3 b6 20. Qe5 Nd5 21. Nxd5 Qxd5 22. Rc1 1/2-1/2

[Event "GER-chT U16"]
[Site "Walldorf"]
[Date "2017.12.27"]
[Round "2.4"]
[White "Dalchow, Mario"]
[Black "Schmid, Tim"]
[Result "1-0"]
[WhiteElo "1416"]
[BlackElo "1055"]
[PlyCount "29"]
[EventDate "2017.12.26"]
[EventType "team-swiss"]
[EventRounds "7"]
[EventCountry "GER"]
[SourceTitle "CBM 182 Extra"]
[Source "ChessBase"]
[SourceDate "2018.02.23"]
[SourceVersion "1"]
[SourceVersionDate "2018.02.23"]
[SourceQuality "1"]
[WhiteTeam "Lambsheim"]
[BlackTeam "Schwaebisch Gmuend"]
[WhiteTeamCountry "GER"]
[BlackTeamCountry "GER"]

1. e4 e5 2. Nf3 Nc6 3. Bc4 Bc5 4. c3 Nf6 5. d4 Bd6 6. d5 Ne7 7. Qe2 b6 8. 0-0 0-0 9. Bg5 h6 10. Bxf6 gxf6 11. Nh4 Kh8 12. Qh5 Ng8 13. Nf5 Kh7 14. Qg4 Kh8 15. Qg7# 1-0

[Event "GER-chT U10"]
[Site "Magdeburg"]
[Date "2014.12.29"]
[Round "7.2"]
[White "Dalchow, Mario"]
[Black "Kraft, Adrian"]
[Result "1-0"]
[WhiteElo "1193"]
[BlackElo "963"]
[PlyCount "121"]
[EventDate "2014.12.27"]
[EventType "team-swiss"]
[EventRounds "7"]
[EventCountry "GER"]
[SourceTitle "EXT 2016"]
[Source "ChessBase"]
[SourceDate "2015.10.08"]
[SourceVersion "1"]
[SourceVersionDate "2015.10.08"]
[SourceQuality "1"]
[WhiteTeam "Lambsheim"]
[BlackTeam "Friedrichsfelde Borussia"]
[WhiteTeamCountry "GER"]
[BlackTeamCountry "GER"]

1. e4 c5 2. Nf3 Nc6 3. Nc3 d6 4. Bb5 Nf6 5. d3 g6 6. 0-0 Bg7 7. Qe2 Bg4 8. h3 Bd7 9. Bd2 Nd4 10. Bxd7+ Qxd7 11. Nxd4 cxd4 12. Nd1 0-0 13. c3 e5 14. cxd4 exd4 15. b3 Rfc8 16. Bf4 Ne8 17. Nb2 Nc7 18. Nc4 b5 19. Nxd6 Rd8 20. Nb7 Rdb8 21. Na5 Ne6 22. Bxb8 Rxb8 23. b4 Nf4 24. Qf3 Ne6 25. a3 a6 26. Rfc1 Rc8 27. Nb3 Ng5 28. Qe2 Bh6 29. Rxc8+ Qxc8 30. Nxd4 Qc3 31. Nc2 Ne6 32. Kh1 Nf4 33. Qd1 Nxd3 34. Ne1 Nb2 35. Qd8+ Kg7 36. Qa5 Bd2 37. Nf3 Qc6 38. Nxd2 Nd3 39. Qd8 Nf4 40. Nf3 Qxe4 41. Qd4+ Qxd4 42. Nxd4 Kf6 43. Rc1 Ke5 44. Nf3+ Ke4 45. Rc6 Ne2 46. Rxa6 f5 47. Rb6 Nc3 48. Ng5+ Kf4 49. Nxh7 Ne4 50. Rxb5 Nxf2+ 51. Kh2 Nd3 52. a4 g5 53. a5 Ke3 54. a6 f4 55. a7 f3 56. gxf3 Kxf3 57. a8Q+ Ke2 58. Qe4+ Kd1 59. Qxd3+ Ke1 60. Rf5 g4 61. Rf1# 1-0

[Event "GER-chT U12"]
[Site "Schney"]
[Date "2013.12.29"]
[Round "5.3"]
[White "Dalchow, Mario"]
[Black "Lange, Johannes Friedrich"]
[Result "1/2-1/2"]
[WhiteElo "1061"]
[BlackElo "1166"]
[PlyCount "123"]
[EventDate "2013.12.27"]
[EventType "team-swiss"]
[EventRounds "7"]
[EventCountry "GER"]
[SourceTitle "EXT 2015"]
[Source "ChessBase"]
[SourceDate "2014.11.20"]
[SourceVersion "1"]
[SourceVersionDate "2014.11.20"]
[SourceQuality "1"]
[WhiteTeam "Lambsheim"]
[BlackTeam "Berlin Schachunion"]
[WhiteTeamCountry "GER"]
[BlackTeamCountry "GER"]

1. e4 c5 2. Nf3 a6 3. Nc3 Nf6 4. d4 cxd4 5. Nxd4 e5 6. Nf3 Nc6 7. Bc4 Bb4 8. Bd2 Bxc3 9. Bxc3 Nxe4 10. Qd5 0-0 11. Qxe4 d6 12. 0-0 h6 13. Bd3 f5 14. Qd5+ Kh8 15. Be2 Qe7 16. Rad1 Rd8 17. Qb3 Be6 18. Bc4 Bxc4 19. Qxc4 Re8 20. Nd2 Rac8 21. Qd5 b5 22. b4 Qe6 23. Qxe6 Rxe6 24. a3 e4 25. Rfe1 d5 26. Nb3 Ne7 27. Nc5 Rec6 28. f3 Ra8 29. fxe4 fxe4 30. Rf1 Kg8 31. Bd4 a5 32. Ra1 Rcc8 33. c3 Nc6 34. Rfd1 Re8 35. Kf2 Nxd4 36. Rxd4 e3+ 37. Ke2 axb4 38. Rxb4 Rab8 39. Rd1 Re7 40. Rxd5 Rf8 41. Nd3 Ra8 42. Rdxb5 Rxa3 43. Rb3 Ra2+ 44. Rb2 Ra1 45. Re5 Rxe5 46. Nxe5 Rc1 47. Rb3 Rc2+ 48. Kxe3 Rxg2 49. c4 Rxh2 50. Rc3 Rh3+ 51. Kd2 Rxc3 52. Kxc3 Kf8 53. Kd4 Ke8 54. Ke4 Ke7 55. Kf4 Kd6 56. Ke4 Ke6 57. c5 g5 58. c6 Kd6 59. Kf5 Kc7 60. Ke6 g4 61. Kd5 g3 62. Ke4 1/2-1/2